| 000 | 01661nam a2200385 a 4500 | ||
|---|---|---|---|
| 001 | ebr10747420 | ||
| 003 | CaPaEBR | ||
| 006 | m o u | ||
| 007 | cr cn||||||||| | ||
| 008 | 130831s2013 njua s 001 0 eng d | ||
| 010 | _z 2013942775 | ||
| 020 | _z9781118657201 (pbk.) | ||
| 020 | _z9781118690703 (e-book) | ||
| 040 |
_aCaPaEBR _cCaPaEBR |
||
| 035 | _a(OCoLC)857740144 | ||
| 050 | 1 | 4 |
_aQA76.76.H94 _bT58 2013eb |
| 082 | 0 | 4 |
_a006.74 _223 |
| 100 | 1 | _aTittel, Ed. | |
| 245 | 1 | 0 |
_aBeginning HTML5 & CSS3 for dummies _h[electronic resource] / _cby Ed Tittel and Chris Minnick. |
| 246 | 3 | _aBeginning HTML5 and CSS3 for dummies | |
| 260 |
_aHoboken, N.J. : _bJohn Wiley & Sons, Inc., _c2013. |
||
| 300 |
_ax, 370 p. : _bcol. ill. |
||
| 440 | 0 | _a--For dummies | |
| 500 | _a"A Wiley brand." | ||
| 500 | _aIncludes index. | ||
| 505 | 0 | _apt. I. Getting started with HTML and CSS on the web -- pt. II. Getting the structure and text right -- pt. III. Adding links, images, and other media -- pt. IV. Adopting CSS style -- pt. V. Enhancing your pages' look and feel -- pt. VI. The part of tens -- pt. VII. Appendixes. | |
| 533 |
_aElectronic reproduction. _bPalo Alto, Calif. : _cebrary, _d2013. _nAvailable via World Wide Web. _nAccess may be limited to ebrary affiliated libraries. |
||
| 650 | 0 | _aHTML (Document markup language) | |
| 650 | 0 | _aCascading style sheets. | |
| 650 | 0 | _aWeb site development. | |
| 655 | 7 |
_aElectronic books. _2local |
|
| 700 | 1 | _aMinnick, Chris. | |
| 710 | 2 | _aebrary, Inc. | |
| 856 | 4 | 0 |
_uhttp://site.ebrary.com/lib/rucke/Doc?id=10747420 _zAn electronic book accessible through the World Wide Web; click to view |
| 999 |
_c34943 _d34943 |
||